| 000 | 00430cam a2200181ua 4500 | ||
|---|---|---|---|
| 020 | _c7.20 | ||
| 041 |
_aeng _h |
||
| 082 |
_a531.3 _bRAM/DY |
||
| 100 | _aRamsey, A S . | ||
| 245 |
_aDynamics, Part 2 / _cA S Ramsey. _hTextual Documents |
||
| 250 |
_a2 / _b. |
||
| 260 |
_aLondon : _bEnglish Language Book Society , _c1961. |
||
| 300 | _a344 ; . | ||
| 365 | _a7.20 | ||
| 504 | _a | ||
| 942 | _cBK | ||
| 999 |
_c7255 _d7255 |
||